[Event "Villa Ballester op 73rd"]
[Site "Buenos Aires"]
[Date "2024.01.28"]
[Round "9"]
[White "Accardo, Adrian"]
[Black "Schemper, Alejandro"]
[Result "1/2-1/2"]
[WhiteElo "1498"]
[BlackElo "1629"]
[PlyCount "43"]
[EventDate "2024.01.19"]
[EventType "swiss"]
[EventRounds "9"]
[EventCountry "ARG"]
[SourceTitle "CB06_2024"]
[SourceDate "2024.02.07"]
[SourceVersion "1"]
[SourceVersionDate "2024.02.07"]
[SourceQuality "1"]

1. d4 Nf6 2. Bf4 d5 3. e3 c5 4. Nd2 cxd4 5. exd4 Bg4 6. Ngf3 Nc6 7. c3 Qb6 8. Qb3 Qxb3 9. axb3 Nh5 10. Be3 a6 11. h3 Bxf3 12. Nxf3 e6 13. b4 Bd6 14. b5 Nb8 15. bxa6 Ke7 16. Be2 Nf4 17. Bxf4 Bxf4 18. g3 Bd6 19. Kd2 Nxa6 20. Ra2 Nc7 21. Rha1 Rxa2 22. Rxa2 1/2-1/2

[Event "Villa Ballester op 73rd"]
[Site "Buenos Aires"]
[Date "2024.01.26"]
[Round "7"]
[White "Bertaccini, Daniel"]
[Black "Schemper, Alejandro"]
[Result "0-1"]
[WhiteElo "1980"]
[BlackElo "1629"]
[PlyCount "64"]
[EventDate "2024.01.19"]
[EventType "swiss"]
[EventRounds "9"]
[EventCountry "ARG"]
[SourceTitle "CB06_2024"]
[SourceDate "2024.02.07"]
[SourceVersion "1"]
[SourceVersionDate "2024.02.07"]
[SourceQuality "1"]

1. c4 Nf6 2. Nc3 e5 3. g3 d5 4. cxd5 Nxd5 5. Bg2 Be6 6. Qa4+ Nc6 7. a3 Qd7 8. Nf3 Nb6 9. Qc2 Be7 10. 0-0 0-0-0 11. b4 f5 12. d3 Nd4 13. Nxd4 exd4 14. Nb1 Bd5 15. Bb2 Bxg2 16. Kxg2 f4 17. Nd2 h5 18. Nf3 fxg3 19. Bxd4 gxh2 20. Be5 Qg4+ 21. Kh1 Bd6 22. Rac1 Nd5 23. Bxd6 Rxd6 24. Nxh2 Qd7 25. Qd2 Rhh6 26. Rg1 Rhg6 27. e4 Rxg1+ 28. Rxg1 Nf6 29. e5 Rxd3 30. exf6 Rxd2 31. fxg7 Qd5+ 32. f3 Qg8 0-1

[Event "Vicente Lopez ProAm 100 Years op"]
[Site "Buenos Aires"]
[Date "2022.10.16"]
[Round "7"]
[White "Bendahan, Matias"]
[Black "Schemper, Alejandro"]
[Result "1-0"]
[WhiteElo "1834"]
[BlackElo "1630"]
[PlyCount "113"]
[EventDate "2022.10.11"]
[EventType "swiss"]
[EventRounds "9"]
[EventCountry "ARG"]
[SourceTitle "CBM 210 Extra"]
[Source "ChessBase"]
[SourceDate "2022.11.30"]
[SourceVersion "1"]
[SourceVersionDate "2022.11.30"]
[SourceQuality "1"]

1. e4 c5 2. Nf3 d6 3. d4 cxd4 4. Nxd4 Nf6 5. Nc3 a6 6. Be3 g6 7. f3 Bg7 8. Qd2 Nc6 9. g4 0-0 10. 0-0-0 Nxd4 11. Bxd4 Be6 12. h4 h5 13. Bxf6 Bxf6 14. gxh5 Qa5 15. hxg6 fxg6 16. Qh6 Qh5 17. Qxh5 gxh5 18. Nd5 Rac8 19. Be2 Kh7 20. f4 Kh6 21. b3 Bxd5 22. Rxd5 Rc5 23. Rhd1 Bxh4 24. Rxc5 dxc5 25. Rd5 Rxf4 26. Rxh5+ Kg7 27. Bd3 b6 28. Rd5 Bf2 29. Rd7 Kf8 30. Rb7 a5 31. Rxb6 Be1 32. Rb5 Rg4 33. Rxc5 Bb4 34. Rc8+ Kg7 35. Kb2 Kf6 36. c3 Rg2+ 37. Bc2 Bd6 38. Ra8 Bc7 39. a3 Ke6 40. b4 axb4 41. axb4 Kd7 42. Kb3 Rg3 43. Kc4 Kc6 44. Ra6+ Bb6 45. Ra8 e5 46. Rf8 Bc7 47. Rf6+ Kb7 48. Bd1 Re3 49. Bf3 Ka7 50. b5 Kb7 51. Kb4 Re1 52. c4 Rb1+ 53. Kc5 Rb3 54. Bg4 Rb2 55. Be6 Rb1 56. Bd5+ Ka7 57. Ra6+ 1-0

[Event "Vicente Lopez ProAm 100 Years op"]
[Site "Buenos Aires"]
[Date "2022.10.15"]
[Round "5"]
[White "Schemper, Alejandro"]
[Black "Sepliarsky, Mario"]
[Result "0-1"]
[WhiteElo "1630"]
[BlackElo "2093"]
[PlyCount "44"]
[EventDate "2022.10.11"]
[EventType "swiss"]
[EventRounds "9"]
[EventCountry "ARG"]
[SourceTitle "CBM 210 Extra"]
[Source "ChessBase"]
[SourceDate "2022.11.30"]
[SourceVersion "1"]
[SourceVersionDate "2022.11.30"]
[SourceQuality "1"]

1. e4 c5 2. Nc3 e6 3. Nf3 a6 4. d4 cxd4 5. Nxd4 Qc7 6. Bd3 Nc6 7. Nde2 Nf6 8. h3 Be7 9. Be3 b5 10. f4 d6 11. 0-0 Bd7 12. Nd4 Nxd4 13. Bxd4 b4 14. e5 dxe5 15. fxe5 Bc5 16. Bb5 axb5 17. exf6 bxc3 18. fxg7 Rg8 19. bxc3 Rxg7 20. Rf2 Qc6 21. Qe2 Bxd4 22. cxd4 0-0-0 0-1

[Event "Villa Ballester op 69th"]
[Site "Villa Ballester"]
[Date "2019.01.16"]
[Round "1"]
[White "Schemper, Alejandro"]
[Black "Curia, Santiago Jose"]
[Result "0-1"]
[WhiteElo "1646"]
[BlackElo "2077"]
[PlyCount "88"]
[EventDate "2019.01.16"]
[EventType "swiss"]
[EventRounds "9"]
[EventCountry "ARG"]
[SourceTitle "CBM 188 Extra"]
[Source "ChessBase"]
[SourceDate "2019.02.26"]
[SourceVersion "1"]
[SourceVersionDate "2019.02.26"]
[SourceQuality "1"]

1. e4 c5 2. Nc3 e6 3. f4 d5 4. Nf3 Nc6 5. Bb5 Nf6 6. e5 Nd7 7. d4 Qb6 8. Be3 a6 9. Bxc6 bxc6 10. Rb1 cxd4 11. Bxd4 c5 12. Bf2 Bb7 13. 0-0 d4 14. Na4 Qc6 15. b3 g5 16. fxg5 Nxe5 17. Bg3 Ng6 18. Qe2 Bd6 19. Bxd6 Qxd6 20. Nb2 h6 21. Nc4 Qc7 22. Nfe5 Nxe5 23. Qxe5 Qxe5 24. Nxe5 Rh7 25. gxh6 f5 26. Rbe1 Ke7 27. Nd3 Kd6 28. Rf2 Rxh6 29. Rfe2 Be4 30. Rxe4 fxe4 31. Rxe4 Rg8 32. Re5 Rhg6 33. g3 Rg5 34. Rxg5 Rxg5 35. Kg2 e5 36. h4 Rg8 37. Kh3 e4 38. Nf4 e3 39. h5 Rf8 40. Nd3 e2 41. Kg4 Rf1 42. Kg5 Rd1 43. h6 Rxd3 44. cxd3 e1Q 0-1